| 000 | 00920nam a2200241 a 4500 | ||
|---|---|---|---|
| 001 | BRCA_4785 | ||
| 005 | 20190320204815.0 | ||
| 008 | 111010c1964----ag-af#####---#000-0#spa-# | ||
| 041 | _aspa | ||
| 044 | _aag | ||
| 050 | 4 |
_aND553 _b.P56 _c1964 |
|
| 245 | 1 | 0 |
_aEugenio Delacroix _cmonografía por Alberto Martini ; tradución por Julio Goméz de la Serna ; el juicio del siglo XX, por Julio E. Payró. |
| 260 |
_aArgentina _bCodex _cc1964 |
||
| 300 |
_a1 v. (sin paginación) _bil., 16 láminas a color _c36 cm. |
||
| 440 | 0 |
_aPinacoteca de los genios : la más grandiosa colección de arte del mundo _v22 _912105 |
|
| 500 | _aIncluye índice de las ilustraciones | ||
| 600 | 1 | 4 |
_aDelacroix, Ferdinand Victor Eugène _d1798-1863 _912106 |
| 650 | 1 | 4 |
_aPintura poética _912107 |
| 700 | 1 |
_aMartini, Alberto _912108 |
|
| 700 | 1 |
_aPayró, Julio E. _912065 |
|
| 700 | 1 |
_aGoméz de la Serna, Julio _etr. _912109 |
|
| 942 |
_2lcc _cB |
||
| 999 |
_c4482 _d4482 |
||